000 00437nam a2200169Ia 4500
008 221030s9999 xx 000 0 und d
020 _a8120312716
041 _aEnglish
082 _a105.23
_bMis
100 _aK. L. P. Mishra
245 0 _aTheory Of Computer Science
_cby K. L. P. Mishra, N. Chandrasekaran
260 _bTMH
_aNew Delhi
_c2002
300 _a304
650 _aBE Computer
700 _aN. Chandrasekaran
942 _cBK
999 _c8301
_d8301